000 00286nam a2200121Ia 4500
008 220120s9999||||xx |||||||||||||| ||und||
082 _a823 ELT
100 _aElton, Ben
_911944
245 0 _aChart throb
260 _aBlack Swan
_bNew Delhi
_c2007
300 _b0
650 _aMATHEMATICS
999 _c137485
_d137485